000 01258nam a2200277 a 4500
001 000003930
005 20250219074026.0
008 090715s2005 dr d 000 0 spa d
020 _a9993479500
040 _aDO-SdBNP
_bspa
_cBNPHU
082 _a355.03
_bB952d
100 1 _aBuret, Regina
_911834
245 1 0 _aDesafíos :
_bla nación frente a su política de seguridad /
_cRegina Buret ; edición Isael Pérez ; prólogo Tirso Mejía-Ricart.
246 1 4 _aDesafíos :
_bla nación frente a su política de seguridad. Conceptos de sociedad y seguridad, estado y seguridad, sociedad civil y fuerzas armadas
260 _aSanto Domingo :
_bBúho,
_c2005.
300 _a239 p. :
_bgráf. ;
_c22 cm.
500 _aIncluye índice
500 _aEn la cubierta: Conceptos de sociedad y seguridad, estado y seguridad, sociedad civil y fuerzas armadas
504 _aBibliografía : p. 233-238
590 _aInventariado, 2018/ YL
650 4 _aRelaciones civiles militares
_zRepública Dominicana
_911835
651 4 _aRepública Dominicana
_xSeguridad Nacional
_911656
700 1 _aPérez, Isael,
_d1961-
_eed.
_91414
700 1 _a Mejía-Ricart G., Tirso,
_d1936-2021
_q(Mejía-Ricart Guzmán)
_epról.
_91569
910 _aValidado. Control de calidad. MMOLINA
999 _c3749
_d3749